| 000 | 00422nam a2200133Ia 4500 | ||
|---|---|---|---|
| 005 | 20260328101459.0 | ||
| 008 | 260328s9999||||xx |||||||||||||| ||und|| | ||
| 100 | _aSandino Pardo, Alejandro | ||
| 245 | 0 |
_aHormigón : _b El Libro del Maestro de Obra y del Constructor de mezcladoras móviles / _cAlejandro Sandino Pardo |
|
| 260 | _bCentral de Mezclas | ||
| 300 | _a56 p. | ||
| 650 | _aMATERIALES CONSTRUCTIVOS | ||
| 942 | _cBK | ||
| 999 |
_c8915 _d8915 |
||